Normal view
MARC view
- الحدود-الأردن-السعودية - الوثائق البريطانية 1946-1921م
Entry Topical Term
001 - CONTROL NUMBER
- control field: 63379
003 - CONTROL NUMBER IDENTIFIER
- control field: JO-AjAnu
005 - DATE AND TIME OF LATEST TRANSACTION
- control field: 20230606084339.0
008 - FIXED-LENGTH DATA ELEMENTS
- fixed length control field: 230606|| aca||aabn | a|a d
040 ## - CATALOGING SOURCE
- Original cataloging agency: JO-AjAnu
- Transcribing agency: JO-AjAnu
150 ## - HEADING--TOPICAL TERM
- Topical term or geographic name entry element: الحدود-الأردن-السعودية - الوثائق البريطانية 1946-1921م
670 ## - SOURCE DATA FOUND
- Source citation: Work cat.: (JO-AjAnu)32312: المقصقص، خالد صالح عبد الغني, author 63378, قضايا الحدودالأردنية السعودية في الوثائق البريطانية(1946-1921م): دراسة تاريخية تحليلية